Normal view
MARC view
Entry Personal Name
001 - CONTROL NUMBER
- control field: 10314
003 - CONTROL NUMBER IDENTIFIER
- control field: dpl
005 - DATE AND TIME OF LATEST TRANSACTION
- control field: 20100810152415.0
008 - FIXED-LENGTH DATA ELEMENTS
- fixed length control field: 100810|||a|||||| | ||| d
040 ## - CATALOGING SOURCE
- Original cataloging agency: dpl
- Transcribing agency: dpl
100 ## - HEADING--PERSONAL NAME
- Personal name: Garg, Chitra
670 ## - SOURCE DATA FOUND
- Source citation: Work cat.: (dpl): Garg, Chitra, Indian champions :, 2010
670 ## - SOURCE DATA FOUND
- Source citation: Work cat.: (dpl): Garg, Chitra, Indian champions :, 2010
